00732nam a22002057a 4500001000500000005001700005008004100022020001800063040002900081050001400110082001000124245007000134250003400204260004800238300003200286505000600318520015700324521002700481521001800508133920230818090550.0230818b cb ||||| |||| 00| 0 eng d a9781931353069 aFISKHbengcFISKHdFISKH aPZ7.P3725 a813.6 aGoodnight Alaska - goodnight little bearcBernd and Susan Richter aSixth Printing, February 2006 aWasilla :bSaddle Pal Creations Inc.,c2001 a14 unnumbered pages :c18cm aD aA bear says goodnight to a wide variety of other animals in the Alaskan wilderness before entering a months long sleep or hibernation during the winter. a310 bLexile estimate aD bRaz-Plus